000 02179cam a2200433 i 4500
999 _c9287
_d9287
001 22253162
003 GBCCL
005 20241126110709.0
008 200917s2020 ii b 000 0 eng d
010 _a 2020510258
020 _a9789351484813
_q(paperback)
020 _a9351484815
_q(paperback)
025 _aI-E-2020510258 ; 68-16 ; 13-90
035 _a(OCoLC)on1196195815
035 _a(OCoLC)1196195815
037 _bLibrary of Congress -- New Delhi Overseas Office
040 _aDKAGE
_beng
_erda
_cDKAGE
_dDKAGE
_dOCLCO
_dOCLCF
_dKAT
_dDLC
042 _alccopycat
_alcode
050 0 0 _aBV3280.A8
_bN37 2020
082 0 4 _a266.0089954
_223
_bNAR
100 1 _aNarzary, Enosh
_916162
245 1 0 _aContextual mission approach to the tribals in Assam :
_ban empirical study on Mising and Rajbongshi /
_cEnosh Narzary.
264 1 _aDelhi :
_bChristian World Imprints,
_c2020.
300 _ax, 52 pages ;
_c22 cm
336 _atext
_btxt
_2rdacontent
337 _aunmediated
_bn
_2rdamedia
338 _avolume
_bnc
_2rdacarrier
504 _aIncludes bibliographical references (pages 51-52).
505 0 _aThe tribal in Assam -- Rajbongshis and their identity -- Mising tribe and their identity -- Evaluation of the old and new missionary approaches -- The new missionary approaches -- The contextual missionary approach.
520 _aThis book presents the spiritual condition of tribal in the State of Assam; author also asserts that the socio-economic status among the tribal people of India is not satisfactory. With this, it aims to address some possible contextual mission approach to the Rajbangshis and Mising tribes.
650 0 _aMiri (Indic people)
_xMissions
_zIndia
_zAssam.
_916163
650 0 _aRajbangsi (South Asian people)
_xMissions
_zIndia
_zAssam.
_916164
650 0 _aMiri (Indic people)
_zIndia
_zAssam
_xSocial life and customs.
_916165
650 0 _aRajbangsi (South Asian people)
_zIndia
_zAssam
_xSocial life and customs.
_916166
651 7 _aIndia
_zAssam.
_2fast
_0(OCoLC)fst01206068
_916167
906 _a7
_bcbc
_ccopycat
_d3
_encip
_f20
_gy-gencatlg
942 _2ddc
_cBK
_04